Quizzes
Events
Quiz Creation
Community
Videos
Private Events
Remove Ads
Sign In
Join for FREE
Feedback
Dark Mode
Quiz Categories
Sports
Geography
Music
Movies
Television
Just For Fun
Miscellaneous
History
Literature
Language
Science
Gaming
Entertainment
Religion
Holiday
For Kids
Quiz Lab
Recent
Popular Today
Quiz Kudos Today
Editor Picks
Curator Picks
Quizzes by...
Day
Popularity
Type
Ratings
Length
Year
Community
Subscriptions
Recent Discussions
Orange Saloon
Badges
Playlists
Quests
Create
Leaderboards
Showdown
Live 5
Trivia Bingo
Activity
Puzzle Library
Sporcle Events
Private Events
Virtual Trivia
Globe League
Become a Host
Pub Owners
SporcleCon
Opinionation
Our Games
Videos
Blog
Mobile Apps
Partnerships
Remove Ads and Go Orange
Feedback
Movies
Disney
Marvel Cinematic Universe
Movie Resume
Movie Titles
Oscar
Actor
Actress
Director
Pixar
Role
Movie Quotes
Movie Characters
Box Office
Nominee
Best Picture
Star Wars
James Bond
Horror Movies
Movies
Disney
Marvel Cinematic Universe
Movie Resume
Movie Titles
Oscar
Actor
Actress
Director
Pixar
Role
Movie Quotes
Movie Characters
Box Office
Nominee
Best Picture
Star Wars
James Bond
Horror Movies
Random Quiz
Search Sporcle
×
Quiz Lab
Quiz Lab
Movies
Blitz
Type in answers that appear in a list
Type in answers that appear in a list
Classic
Best Score? Go Orange.
Hollywood Speed Dating Stats
Can you name the years each of these films were first released, within the short time limit?
By
Juvo415
2m
30 Questions
135 Plays
135 Plays
135 Plays
Comments
Comments
Give Quiz Kudos
Give Quiz Kudos
-
- Ratings
hide this ad
More Info
Forced Order
Answers have to be entered in order
Answers have to be entered in order
Wrong Answers
Some wrong answers will appear in red
Some wrong answers will appear in red
Random Order
Randomize order of answers
Randomize order of answers
Replay
Link that replays current quiz
Next Quiz
Link to next quiz in quiz playlist
You Got
0%
They Got
Avg Score
66%
Avg Friend Score
Upgrade to see
Score Distribution
Jump to the score distribution portion of the page
Score
0/30
Timer
02:00
0
Plays Today
Film
Year
% Correct
Back to the Future: a) 1955 b) 1965 c) 1975 d) 1985 ?
???
83%
Star Wars: a) 1970 b) 1977 c) 1985 d) 1993 ?
???
80.7%
GoodFellas: a) 1980 b) 1985 c) 1990 d) 1995 ?
???
79.3%
Ferris Bueller's Day Off: a) 1986 b) 1988 c) 1990 d) 1992 ?
???
78.5%
The Wizard of Oz: a) 1929 b) 1934 c) 1939 d: 1944 ?
???
77.8%
Ghostbusters: a) 1979 b) 1984 c) 1989 d) 1994 ?
???
77%
Schindler's List: a) 1987 b) 1989 c) 1991 d) 1993 ?
???
76.3%
Jaws: a) 1967 b) 1971 c) 1975 d) 1979 ?
???
74.8%
Gladiator: a) 1999 b) 2000 c) 2001 d) 2002 ?
???
73.3%
Dracula: a) 1931 b) 1941 c) 1951 d) 1961 ?
???
72.6%
Pulp Fiction: a) 1991 b) 1992 c) 1993 d) 1994 ?
???
72.6%
Young Frankenstein: a) 1974 b) 1979 c) 1984 d) 1989 ?
???
71.9%
Vertigo: a) 1948 b) 1958 c) 1968 d) 1978 ?
???
71.9%
2001: A Space Odyssey: a) 1958 b) 1963 c) 1968 d) 1973 ?
???
71.1%
Pinocchio: a) 1940 b) 1945 c) 1950 d) 1955 ?
???
68.1%
Film
Year
% Correct
Lord of the Rings: The Return of the King: a) 2000 b) 2001 c) 2002 d) 2003 ?
???
68.1%
Toy Story 2: a) 1997 b) 1999 c) 2001 d) 2003 ?
???
67.4%
Lawrence of Arabia: a) 1954 b) 1958 c) 1962 d) 1966 ?
???
65.9%
The Shining: a) 1971 b) 1974 c) 1977 d) 1980 ?
???
65.2%
Black Swan: a) 2007 b) 2008 c) 2009 d) 2010 ?
???
64.4%
Saving Private Ryan: a) 1996 b) 1997 c) 1998 d) 1999 ?
???
63.7%
A Trip to the Moon: a) 1902 b) 1917 c) 1932 d) 1947 ?
???
60.7%
The Princess Bride: a) 1987 b) 1988 c) 1989 d) 1990
???
60.4%
Goldfinger: a) 1964 b) 1966 c) 1968 d) 1970 ?
???
60%
Breakfast at Tiffany's: a) 1961 b) 1965 c) 1969 d) 1973 ?
???
58.5%
Clerks.: a) 1992 b) 1993 c) 1994 d) 1995 ?
???
49.6%
V for Vendetta: a) 2002 b) 2003 c) 2004 d) 2005
???
49.3%
All Quiet on the Western Front: a) 1926 b) 1930 c) 1934 d) 1938 ?
???
45.9%
Plan 9 From Outer Space: a) 1953 b) 1959 c) 1965 d) 1971 ?
???
43%
It's A Mad, Mad, Mad, Mad World: a) 1954 b) 1957 c) 1960 d) 1963 ?
???
40%
Quiz Playlist
Details
Report
Send in Message
Add To Playlist
More Info:
You may answer with either the multiple choice letter or type out the the year in full.
Classic:
Type in answers that appear in a list
Forced Order:
Answers have to be entered in order
Wrong Answers:
Some wrong answers will appear in red
Random Order:
Randomize order of answers
Last Updated: Feb 16, 2017
Quiz Scoreboard
CHALLENGE
Sign Up to Join the Scoreboard
Show All
Scores
Hide
Comments
May contain spoilers
Recently Published
An Introduction to Baseball
by treessimontrees
Sports
5m
Movies - When Are They Set?
by FPL_Elf
Movies
5m
Popular People in 1961
by mucciniale
History
6m
More to Explore
Quiz From the Vault
Featured Blog Post
Where Did the Easter Bunny Come From?
hide this ad
You Might Also Like...
Tags
Blitz Quiz
Movie Titles Quiz
Year Quiz
Today's Top Quizzes in Movies
Browse Movies
hide this ad
Today's Top Quizzes in Blitz
Browse Blitz
Top Contributed Quizzes in Movies
1
Pick 5 Posters: Directed by Spielberg
2
Pick 5 Posters: Lowest-Rated Spielberg
3
Multi-Oscar Nominations, One Movie, One Winner
4
7-to-1: Pixar Characters
5
12 Movies about Fictional 1960s Events
6
One Thing in Common: Movies
7
Pick 5 Posters: Directed by Scorsese
8
Sunday Crossword: Film Score Composers
9
Pick 5 Posters: Star & Director
10
Sorting Actors
Explore More
Trending Topics
Harry Potter
NBA
Anime
Disney
Marvel
Kpop
Crossword
The Office
Pokémon
NFL
Song
WWE
Puzzle
Soccer
Country
hide this ad
More By:
Juvo415
Quiz
Plays
Rating
Category
Featured
Created
Nickelodeon Show by Image
135,365
4.57
Television
Feb 1, 2012
'Per Capita' Quiz
112,329
4.10
Miscellaneous
Nov 21, 2010
Military by Numbers
110,711
4.69
Geography
Nov 7, 2011
Shakespeare or Fake-speare?
110,607
4.37
Literature
Jun 15, 2012
50 Opening Lines
107,249
4.52
Movies
Apr 16, 2012
Go to Creator's Profile
Score Distribution
Quiz Creator Spotlight
Juvo415
Follow
Send a Message
Quizzes Created
-
Created Quiz Play Count
-
More By This Creator
Popular Quizzes Today
1
Find the Countries of Europe - No Outlines Minefield
2
Find the US States - No Outlines Minefield
3
The Countries of the World
4
Popular People in 1961
5
US States
6
Find the US States
7
1-10 Letter E Words III
8
Risky Map Clicking: Biggest States A-Z
More Movies Quizzes
Movie Titles: Change One Letter
Editor's Pick
Trending Quizzes
Risky Map Clicking: Least Populous States A-Z
1-10 Letter F Words
1-10 Letter G Words
Not Quite an Element Typing Challenge
One Thing in Common: United Kingdom
Recently Updated
Leaping Animals
pecheneg
Reality TV Shows (A-Z)
bhenderson79
Rickey Henderson's Hall of Fame Teammates
pecheneg
Champions League XIs: Arsenal
pecheneg
Quick Pick: Celebrities in WWE's Hall of Fame
aduchscher
A-Z Keypad Blitz II
pecheneg
Multiple Oscar Actors
pecheneg
Mystery Phrase Blitz: Oscar 'Best Actors'
pecheneg
F. Scott Fitzgerald Novels
LTH
Pick 3 Villains
ddd62291
Trending Topics
NBA
Disney
Anime
Crossword
Marvel
Kpop
Harry Potter
Pokémon
Soccer
Puzzle
NFL
WWE
Song
The Office
Country
Your Account Isn't Verified!
In order to create a playlist on Sporcle, you need to verify the email address you used during registration. Go to your
Sporcle Settings
to finish the process.
Report this User
Report this user for behavior that violates our
Community Guidelines
.
Details:
Send Report
Go to the Sporcle.com Mobile Site →
Comments